00393nam a2200145Ia 4500008004100000020001500041041001200056082001600068100002200084245006100106260003500167300000800202650001700210700002000227221030s9999 xx 000 0 und d a8170147603 aEnglish a105.23bSun aK. P. M. Sundhram 0aEconomic Analysiscby K. P. M. Sundhram, E. N. Sundharam bS. Chand & CoaNew Delhic2002 a844 aBE Economics aE. N. Sundharam